000 01359cam a22002054a 4500
005 20250605164234.0
008 250528s ||||||||||||||||||||||||d
035 _a21091
020 _a9780230573055
040 _aGR-AtMCL
_bgre
_dGR-AtMCL
_eAACR2
245 1 _aThe Study Skills Handbook / Third Edition
250 _a3rd
260 _bPalgrave Macmillan,
_c2008
300 _a352
520 _aThis book covers all the skills that a Student needs to be Successful and it helps you to improve your memory, write essays, revise for exams and critical analytical thinking which are covered in this practical, no-nonsense handbook that puts you at the heart of the learning process. Acknowledgements, Preparing for University, Identifying your Skills, Intelligence and Learning, the C.R.E.A.M Strategy for Learning - Creative, Reflective, Effective, Active, Motivated, Working with Others, Research Skills, E-learning, Technology and Personalized Learning, Writing for University, Developing your Writing, Confidence with Numbers, Projects, Dissertations, Reports and Case Studies, Critical Analytical Thinking, Memory, Revision and Exams, Planning your Next Move, What Now? References, Appendix 1 Quick Multiplier, Appendix 2 Online Research Tools, Index.
700 1 _aCottrell Stella
_97020
942 _cBK
999 _c6160
_d6160